000 01161nam0a2200289 i 4500
001 RU\NLR\BIBL_A\010028293
005 20240921215853.0
010 _a9785170789344
_bАСТ
_93000
021 _aRU
_b2013-80315
_9790д/13
035 _a(NLR Aleph) 010028293
090 _a9935804
_c9935804
100 _a20140204d2013 um y0rusy50 ca
101 1 _arus
_cger
102 _aRU
105 _aa||||||||||||
200 9 _aПинетки для самых маленьких
_f[Мария - Регина Альтмейер, Михаэль Альтмейер, Сабине Шиделко
_gпер. с нем. Л. Кайсаровой]
210 _aМосква
_cАСТ
_d2013
225 1 _aПростейший способ
300 _aАвт. указаны в вып. дан.
606 1 _aПинетки
_xВязание крючком
_92172287
_3RU\NLR\AUTH\6601543096
686 1 _aМ483
700 1 _aАльтмейер
_bМ.-Р.
_gМария - Регина
701 1 _aАльтмейер
_bМ.
_gМихаэль
701 1 _4570
_7ca
_8rus
_aШиделко
_bС.
_gСабине
_9257596
_3RU\NLR\AUTH\770257652
942 _cBOOK
980 _aNBR